| 000 | 00862 am a2200265ua 4500 | ||
|---|---|---|---|
| 001 | 008067499 | ||
| 005 | 20140122141236.0 | ||
| 008 | 011231t2002 xxua frb 001 0 eng d | ||
| 020 | _a0471386782 | ||
| 020 | _a9780471386780 | ||
| 040 |
_aDLC _cDLC _dUk |
||
| 082 | 0 | 4 |
_a005.256 _222 _bVAH |
| 100 | 1 |
_aVahid, Frank _934514 |
|
| 245 | 1 | 0 |
_aEmbedded system design : _ba unified hardware / software introduction / _cFrank Vahid, Tony Givargis. |
| 260 |
_aHoboken, United States : _bJohn Wiley & Sons, Inc., _cc.2002. |
||
| 300 |
_axxi, 324 p. : _bill. ; _c24 cm. |
||
| 500 | _aIndex : p. 319-324. | ||
| 500 | _aIncludes appendix. | ||
| 504 | _aIncludes bibliographical references. | ||
| 650 | 0 |
_aEmbedded computer systems _923377 |
|
| 653 |
_bEle _cJanuary2014 |
||
| 655 |
_vtext book _933728 |
||
| 700 | 1 |
_aGivargis, Tony _934902 |
|
| 942 |
_2ddc _k005.256 VAH |
||
| 999 |
_c17950 _d17922 |
||